000 01255cam a2200337 a 4500
001 61585
005 20230410103521.0
008 861125s1984 dr a b 001 0 spa
035 _9(DLC) 86226826
035 _a3362718
010 _a86226826
040 _aDLC
_cDLC
_dDLC
050 1 4 _a118 PQ 7409
_bH519R 1984
082 0 0 _a928.7293
100 2 _aRodríguez Demorizi, Emilio,
_d1908-1986
245 1 0 _aDominicanidad de Pedro Henríquez Ureña /
_cEmilio Rodríquez Demorizi.
260 _aSanto Domingo, R.D. :
_bEditora Taller,
_c1984.
300 _a84 p. :
_bill. ;
_c23 cm.
490 1 _aFundación Rodriquez Demorizi ;
_vvol. 21
500 _a"A Pedro Henríquez Ureña en el centenario de su nacimiento, 1884-1984--Universidad Nacional Pedro Henríquez Ureña."
504 _a"Bibliografía de Pedro Henríquez Ureña": p. [41]-77.
500 _aIncludes index.
600 2 0 _aHenríquez Urea, Pedro,
_d1884-1946.
600 2 0 _aHenríquez Ureña, Pedro,
_d1884-1946
_xBibliography.
650 0 _aAuthors, Dominican
_y20th century
_xBiography.
650 0 _aCritics
_zDominican Republic
_xBiography.
830 0 _aPublicaciones (Fundación Rodríguez Demorizi) ;
_vv. 21.
942 _2lcc
_cbk
946 _aclperez
994 _asadt
999 _c20380
_d20380